LEADER 01265nam 2200385I 450 001 9910229333503321 005 20150202101715.0 035 $a(CKB)3710000001362461 035 $a(OCoLC)902633347 035 $a(EXLCZ)993710000001362461 100 $a20150202d2014 ua 0 101 0 $aeng 135 $auran||||||||| 181 $ctxt$2rdacontent 182 $cc$2rdamedia 183 $acr$2rdacarrier 200 10$aEgypt $elegal framework for arbitration /$fprepared by Mohamed Oweis Taha 210 1$a[Washington, D.C.] :$cThe Law Library of Congress, Global Legal Research Center,$d2014. 215 $a1 online resource (10 pages) 300 $aTitle from PDF title page (viewed Feb. 2, 2015). 300 $a"August 2014." 320 $aIncludes bibliographical references. 517 $aEgypt 606 $aArbitration (Administrative law)$zEgypt 606 $aArbitration and award$zEgypt 615 0$aArbitration (Administrative law) 615 0$aArbitration and award 700 $aTaha$b Mohamed Oweis$01395334 712 02$aLaw Library of Congress (U.S.).$bGlobal Legal Research Directorate, 801 0$bGPO 801 1$bGPO 906 $aBOOK 912 $a9910229333503321 996 $aEgypt$93453659 997 $aUNINA LEADER 01638nas 2200517-a 450 001 996212139803316 005 20240130213016.0 011 $a2168-1384 035 $a(DE-599)ZDB2137991-9 035 $a(OCoLC)49791910 035 $a(CKB)111021054778024 035 $a(CONSER)--2012250710 035 $a(EXLCZ)99111021054778024 100 $a20020515b19771978 --- a 101 0 $aeng 135 $aurbn||||||||| 181 $ctxt$2rdacontent 182 $cc$2rdamedia 183 $acr$2rdacarrier 200 00$aBoston College international and comparative law journal 210 $a[Newton Centre, Mass.] $cBoston College School of Law$d1977-1978 311 $a0161-2832 517 1 $aInternational and comparative law journal 517 1 $aB.C. Int'l. & Comp. L.J. 531 $aBOSTON COLLEGE INTERNATIONAL & COMPARATIVE LAW JOURNAL 606 $aInternational law$vPeriodicals 606 $aComparative law$vPeriodicals 606 $aComparative law$2fast$3(OCoLC)fst00871350 606 $aInternational law$2fast$3(OCoLC)fst00976984 608 $aLaw reviews$2fast 608 $aPeriodicals.$2fast 608 $aLaw reviews.$2lcgft 608 $aPeriodicals.$2lcgft 610 $aLaw, General & Comparative 615 0$aInternational law 615 0$aComparative law 615 7$aComparative law. 615 7$aInternational law. 676 $a340 676 $a340/.05 686 $a86.80$2bcl 712 02$aBoston College.$bLaw School. 906 $aJOURNAL 912 $a996212139803316 996 $aBoston College international and comparative law journal$92237556 997 $aUNISA LEADER 06116nam 22007335 450 001 9910484342203321 005 20251225210844.0 010 $a3-319-67910-4 024 7 $a10.1007/978-3-319-67910-5 035 $a(CKB)4100000000587173 035 $a(DE-He213)978-3-319-67910-5 035 $a(MiAaPQ)EBC5590945 035 $a(PPN)204533902 035 $a(EXLCZ)994100000000587173 100 $a20170913d2017 u| 0 101 0 $aeng 135 $aurnn#008mamaa 181 $ctxt$2rdacontent 182 $cc$2rdamedia 183 $acr$2rdacarrier 200 10$aAd-hoc, Mobile, and Wireless Networks $e16th International Conference on Ad Hoc Networks and Wireless, ADHOC-NOW 2017, Messina, Italy, September 20-22, 2017, Proceedings /$fedited by Antonio Puliafito, Dario Bruneo, Salvatore Distefano, Francesco Longo 205 $a1st ed. 2017. 210 1$aCham :$cSpringer International Publishing :$cImprint: Springer,$d2017. 215 $a1 online resource (XIV, 396 p. 163 illus.) 225 1 $aComputer Communication Networks and Telecommunications,$x2945-9184 ;$v10517 300 $aIncludes index. 311 08$a3-319-67909-0 327 $aInternet of Things -- SustainaBLE: a Power-Aware Algorithm for Greener Industrial IoT Networks -- The 3D redeployment of nodes in Wireless Sensor Networks with real testbed prototyping -- Semantic Resource Management of Federated IoT Testbeds -- Targeted Content Delivery to IoT Devices Using Bloom Filters -- Security -- Trust Based Monitoring Approach for Mobile Ad Hoc Networks -- An Implementation and Evaluation of the Security Features of RPL -- A ticket-based Authentication Scheme for VANETs preserving Privacy -- A Trust based Communication Scheme for Safety Messages Exchange in VANETs -- Smart City -- Mobility as the main enabler of opportunistic data dissemination in urban scenarios -- Analysis and classification of the vehicular traffic distribution in an urban area -- User-space network tunneling under a mobile platform: a case study for Android environments -- Mobile Crowd Sensing as an Enabler for People as a Service Mobile Computing -- Ad-hoc networks -- SVM- MUSIC Algorithm for Spectrum Sensing in Cognitive Radio Ad-Hoc Networks -- Optimization of a modular ad hoc land wireless system via distributed joint Source-Network Coding for correlated sensors -- AdhocInfra Toggle: Opportunistic Auto-configuration of Wireless Interface for Maintaining Data Sessions in WiFi Networks -- Simulation of AdHoc Networks Including Clustering and Mobility -- Implementations and validations -- Highlighting Some Shortcomings of the CoCoA+ Congestion Control Algorithm -- Experimental Evaluation of Non-Coherent MIMO Grassmannian Signaling Schemes.-WEVA: A Complete Solution for Industrial Internet of Things -- Validating Contact Times Extracted from Mobility Traces -- Wireless sensor networks. -Optimising Wireless Sensor Network Link Quality through Power Control with non-Convex Utilities using Game Theory -- Routing protocol enhancement for mobility support in wireless sensor networks -- Correlation-Free MultiPath Routing for Multimedia traffic in Wireless Sensor Networks -- Impact of Simulation Environment in Performance Evaluation of Protocols for WSNs. -Data management -- A Real-Time Query Processing System for WSN -- Centralized and distributed architectures: Approximation of the response time in a video surveillance system of road traffic by logarithm, power and linear functions -- Secure Storage as a Service in Multi-Cloud Environment -- Policy Management and Enforcement Using OWL and SWRL for the Internet of Things -- Wireless systems -- BSSACH: A Big Slot Scheduling Algorithms with Channel Hopping for Dynamic Wireless Sensor Networks -- A hybrid ant-genetic algorithm to solve a real deployment problem: a case study with experimental validation -- Interference Analysis of Nonlinear and Asynchronous OFDM in Multiuser Cognitive Radio Networks. 330 $aThis book constitutes the refereed proceedings of the 16th International Conference on Ad-hoc, Mobile, and Wireless Networks, ADHOC-NOW 2017, held in Messina, Italy, in September 2017. The 22 full and 9 short papers presented in this volume were carefully reviewed and selected from 55 submissions. The contributions were organized in topical sections named: internet of things; security; smart city; ad-hoc networks; implementations and validations; wireless sensor networks; data management; wireless systems. 410 0$aComputer Communication Networks and Telecommunications,$x2945-9184 ;$v10517 606 $aComputer networks 606 $aComputers, Special purpose 606 $aData protection 606 $aData structures (Computer science) 606 $aInformation theory 606 $aTelecommunication 606 $aComputer Communication Networks 606 $aSpecial Purpose and Application-Based Systems 606 $aData and Information Security 606 $aData Structures and Information Theory 606 $aCommunications Engineering, Networks 615 0$aComputer networks. 615 0$aComputers, Special purpose. 615 0$aData protection. 615 0$aData structures (Computer science) 615 0$aInformation theory. 615 0$aTelecommunication. 615 14$aComputer Communication Networks. 615 24$aSpecial Purpose and Application-Based Systems. 615 24$aData and Information Security. 615 24$aData Structures and Information Theory. 615 24$aCommunications Engineering, Networks. 676 $a004.685 702 $aPuliafito$b Antonio$4edt$4http://id.loc.gov/vocabulary/relators/edt 702 $aBruneo$b Dario$4edt$4http://id.loc.gov/vocabulary/relators/edt 702 $aDistefano$b Salvatore$4edt$4http://id.loc.gov/vocabulary/relators/edt 702 $aLongo$b Francesco$4edt$4http://id.loc.gov/vocabulary/relators/edt 801 0$bMiAaPQ 801 1$bMiAaPQ 801 2$bMiAaPQ 906 $aBOOK 912 $a9910484342203321 996 $aAd-Hoc, Mobile, and Wireless Networks$9772692 997 $aUNINA